Computers: the user perspective. (2nd ed.) (Record no. 79706)

MARC details
000 -LEADER
fixed length control field 01315nam a2200265 a 4500
008 - FIXED-LENGTH DATA ELEMENTS--GENERAL INFORMATION
fixed length control field 120416s1990 ||||||||||||||||| || u
020 ## - INTERNATIONAL STANDARD BOOK NUMBER
International Standard Book Number 025607836x
050 ## - LIBRARY OF CONGRESS CALL NUMBER
Classification number QA 76.5 Hut
100 ## - MAIN ENTRY--PERSONAL NAME
Personal name Hutchinson, Sarah E
245 10 - TITLE STATEMENT
Title Computers: the user perspective. (2nd ed.)
250 ## - EDITION STATEMENT
Edition statement 2nd ed.
260 ## - PUBLICATION, DISTRIBUTION, ETC.
Place of publication, distribution, etc. Homewood, Ill.:
Name of publisher, distributor, etc. Irwin
Date of publication, distribution, etc. 1990
300 ## - PHYSICAL DESCRIPTION
Extent xxix, 729p.: ill.
350 ## -
-- 0.00
500 ## - GENERAL NOTE
General note Rev. ed. of: Computers / Warren D. Stallings. 1988.
650 ## - SUBJECT ADDED ENTRY--TOPICAL TERM
Topical term or geographic name entry element COMPUTERS
650 ## - SUBJECT ADDED ENTRY--TOPICAL TERM
Topical term or geographic name entry element MICROCOMPUTERS
700 ## - ADDED ENTRY--PERSONAL NAME
Personal name Sawyer, Stacey C
700 ## - ADDED ENTRY--PERSONAL NAME
Personal name Stallings, Warren D
995 ## -
-- SHORT LOAN BOOKS
-- 0.00
-- 725649
-- CBU-MAIN LIBRARY (Kitwe)
-- 4
-- 29.95
-- QA 76.5 HUT
-- 1
-- AVAILABLE
-- 012639
-- Short Loan Collection
995 ## -
-- ANNEX COLLECTION (Main Library)
-- 0.00
-- 725650
-- CBU-MAIN LIBRARY (Kitwe)
-- 3
-- 29.95
-- QA 76.5 Hut
-- 4
-- AVAILABLE
-- 012638
-- Annex Low-Usage Collection
995 ## -
-- SHORT LOAN BOOKS
-- 0.00
-- 725648
-- CBU-MAIN LIBRARY (Kitwe)
-- 2
-- 29.95
-- QA 76.5 Hut
-- 3
-- AVAILABLE
-- 007137
-- Short Loan Collection
995 ## -
-- SHORT LOAN BOOKS
-- 0.00
-- 723763
-- CBU-MAIN LIBRARY (Kitwe)
-- 5
-- 29.95
-- QA 76.5 Hut
-- 5
-- AVAILABLE
-- 008100
-- Short Loan Collection
995 ## -
-- BINDERY (DAMAGED)
-- 0.00
-- 725651
-- CBU-MAIN LIBRARY (Kitwe)
-- 1
-- 29.95
-- QA 76.5 Hut
-- 2
-- DAMAGED
-- 020939
-- Main Library Open Access Collection
999 ## -
-- 79706
-- 79706
Holdings
Withdrawn status Lost status Source of classification or shelving scheme Damaged status Not for loan Permanent Location Current Location Shelving location Date acquired Total Checkouts Full call number Barcode Date last seen Copy number Price effective from Koha item type
          CBU-MAIN LIBRARY, KITWE. CBU-MAIN LIBRARY, KITWE.   06/29/2023   QA 76.5 Hut 012639 06/29/2023 1 06/29/2023 SHORT LOAN COLLECTION
          CBU-MAIN LIBRARY, KITWE. CBU-MAIN LIBRARY, KITWE.   06/29/2023   QA 76.5 Hut 012638 06/29/2023 2 06/29/2023 MONOGRAPH
          CBU-MAIN LIBRARY, KITWE. CBU-MAIN LIBRARY, KITWE.   06/29/2023   QA 76.5 Hut 007137 06/29/2023 3 06/29/2023 SHORT LOAN COLLECTION
          CBU-MAIN LIBRARY, KITWE. CBU-MAIN LIBRARY, KITWE.   06/29/2023   QA 76.5 Hut 008100 06/29/2023 4 06/29/2023 SHORT LOAN COLLECTION
          CBU-MAIN LIBRARY, KITWE. CBU-MAIN LIBRARY, KITWE.   06/29/2023   QA 76.5 Hut 020939 06/29/2023 5 06/29/2023 MONOGRAPH